000 00325nam a22001337a 4500
008 171005b xxu||||| |||| 00| 0 eng d
020 _a070251487
041 _aeng
080 _25TH
_a519.9
100 _a48
101 _aPSI
245 _aFUNDAMENTAL STATISTICS IN PSYCHOLOGY AND EDUCATION
_cGUILFORD,J,P
942 _2udc
_cBK
999 _c31845
_d31845